000 00460nam a22001817a 4500
999 _c568
_d568
003 Ost
005 20190828175254.0
008 190828b ||||| |||| 00| 0 eng d
020 _a9789350040423
040 _cBT-PhCST
050 _a15190
082 _222
_a005.1
100 _aHarwani, B.M.
245 _aData structures and algorithms in C++ /
260 _aNew Delhi,
_bDreamtech,
_cc2010.
300 _axii, 587p. ;
_bill. ;
_c23 cm
_eCD
942 _2ddc
_cIT
_06